Analýza priamych zahraničných investícií v krajinách V4 diplomová práca

Gespeichert in:
Bibliographische Detailangaben
1. Verfasser: Paulis, Matúš
Körperschaft: Národohospodárska fakulta EU. Katedra hospodárskej politiky
Weitere Verfasser: Kopkáš, Peter
Format: Buch
Sprache:Slowakisch
Veröffentlicht: Bratislava 2015
Tags: Tag hinzufügen
Keine Tags, Fügen Sie das erste Tag hinzu!

MARC

LEADER 00000nbm a2200000 4500
001 0202434
005 20161212095114.9
041 0 |a slo 
044 |a SK 
245 1 0 |a Analýza priamych zahraničných investícií v krajinách V4  |b diplomová práca  |c Matúš Paulis ; školiteľ: Peter Kopkáš 
264 1 |a Bratislava  |c 2015 
300 |a 80 s. 
100 1 |a Paulis, Matúš 
700 1 |a Kopkáš, Peter 
710 2 |a Národohospodárska fakulta EU. Katedra hospodárskej politiky